[Event "Copenhagen Ch"]
[Site "Copenhagen"]
[Date "2002.10.11"]
[Round "1"]
[White "Moller, Arne"]
[Black "Paaske, Asger"]
[Result "0-1"]
[WhiteElo "2049"]
[BlackElo "2137"]
[PlyCount "70"]
[EventDate "2002.??.??"]
[EventType "swiss"]
[EventRounds "9"]
[EventCountry "DEN"]

1. e4 c5 2. Nf3 Nf6 3. Nc3 Nc6 4. d4 d5 5. exd5 Nxd5 6. Nxd5 Qxd5 7. c4 Qe4+ 8.
Be3 Nb4 9. Rc1 Bf5 10. Qa4+ b5 11. cxb5 Nc2+ 12. Rxc2 Qxc2 13. Qxc2 Bxc2 14.
dxc5 O-O-O 15. Nd4 Be4 16. f3 Bd5 17. b3 g6 18. Bc4 Bg7 19. Bxd5 Rxd5 20. Nc6
Kb7 21. O-O e5 22. Na5+ Kb8 23. Rc1 f5 24. Nc6+ Ka8 25. Bg5 e4 26. Nb4 Rxc5 27.
Rxc5 Bd4+ 28. Kf1 Bxc5 29. Na6 Bb6 30. fxe4 fxe4 31. Ke2 Rc8 32. Nb4 Rc5 33.
Be3 Rxb5 34. Bxb6 axb6 35. a3 Rc5 0-1

[Event "Copenhagen Ch"]
[Site "Copenhagen"]
[Date "2002.10.18"]
[Round "7"]
[White "Moller, Arne"]
[Black "Henrichsen, Jens"]
[Result "1-0"]
[WhiteElo "2049"]
[BlackElo "2059"]
[PlyCount "133"]
[EventDate "2002.??.??"]
[EventType "swiss"]
[EventRounds "9"]
[EventCountry "DEN"]

1. e4 c5 2. Nf3 e6 3. d4 cxd4 4. Nxd4 Nf6 5. Nc3 d6 6. Be2 a6 7. a4 Nc6 8. Be3
Be7 9. O-O O-O 10. Kh1 Qc7 11. f4 Re8 12. Nf3 b6 13. h3 Bb7 14. Bd3 Bf8 15. Qe1
Rab8 16. Qf2 Nd7 17. e5 g6 18. Ne4 Be7 19. exd6 Bxd6 20. Nxd6 Qxd6 21. Rad1 Qc7
22. c3 Ne7 23. Nd4 Nf6 24. Qh4 Ne4 25. Rde1 Rbd8 26. Bxe4 Bxe4 27. Bg1 Bb7 28.
Re5 Nf5 29. Nxf5 exf5 30. Bd4 Qc6 31. Qg3 f6 32. Rxe8+ Rxe8 33. Rf2 Re6 34. b3
Qe4 35. Rd2 Qb1+ 36. Kh2 Re1 37. Qf2 Rh1+ 38. Kg3 Rf1 39. Qe3 Re1 40. Re2 Rxe2
41. Qxe2 Qxb3 42. Qe8+ Kg7 43. Qe7+ Qf7 44. Bxf6+ Kg8 45. Qd8+ Qf8 46. Qxb6 Qc8
47. Be5 Qc6 48. Qd8+ Kf7 49. Kh4 h6 50. g3 g5+ 51. fxg5 Qxa4+ 52. Bf4 hxg5+ 53.
Kxg5 Qc6 54. Qc7+ Qxc7 55. Bxc7 Be4 56. h4 Kg7 57. Be5+ Kh7 58. c4 a5 59. c5 a4
60. Kf4 Bd3 61. c6 Kg6 62. Ke3 Bb5 63. c7 Bd7 64. Kd4 a3 65. Kc5 Kh5 66. Kd6
Bc8 67. Ke7 1-0

[Event "Copenhagen Ch"]
[Site "Copenhagen"]
[Date "2002.10.13"]
[Round "2"]
[White "Nielsen, Michael"]
[Black "Bonnez, Finn"]
[Result "1-0"]
[WhiteElo "2095"]
[BlackElo "2041"]
[PlyCount "97"]
[EventDate "2002.??.??"]
[EventType "swiss"]
[EventRounds "9"]
[EventCountry "DEN"]

1. e4 e5 2. Nf3 Nc6 3. d4 exd4 4. Bc4 Qe7 5. O-O d6 6. Nxd4 Nxd4 7. Qxd4 Qe5 8.
Qd3 Be6 9. Nc3 c6 10. Be3 Nf6 11. Bd4 Qh5 12. Ne2 Bxc4 13. Qxc4 Ng4 14. h3 Ne5
15. Bxe5 Qxe5 16. f4 Qc5+ 17. Qxc5 dxc5 18. Ng3 O-O-O 19. Rad1 Rxd1 20. Rxd1 g6
21. Kf2 Be7 22. e5 Rd8 23. Rxd8+ Kxd8 24. Ke3 Kd7 25. Ke4 f5+ 26. exf6 Bxf6 27.
b3 Ke6 28. Nf1 h5 29. g4 hxg4 30. hxg4 g5 31. f5+ Kd6 32. Nd2 b5 33. Nf3 a6 34.
a3 Ke7 35. Ne5 Kd6 36. Ng6 c4 37. Nf8 cxb3 38. cxb3 Be7 39. Nh7 Bd8 40. b4 c5
41. bxc5+ Kxc5 42. f6 b4 43. axb4+ Kxb4 44. f7 Be7 45. Nxg5 a5 46. Ne6 a4 47.
Nd4 Kc3 48. g5 a3 49. Nb5+ 1-0

[Event "Copenhagen Ch"]
[Site "Copenhagen"]
[Date "2002.10.20"]
[Round "9"]
[White "Nielsen, Michael"]
[Black "Moller, Arne"]
[Result "1-0"]
[WhiteElo "2095"]
[BlackElo "2049"]
[PlyCount "61"]
[EventDate "2002.??.??"]
[EventType "swiss"]
[EventRounds "9"]
[EventCountry "DEN"]

1. e4 c5 2. Nf3 e6 3. d4 cxd4 4. Nxd4 Nf6 5. Nc3 a6 6. Bd3 d6 7. f4 Qc7 8. Qf3
Nc6 9. Be3 Be7 10. O-O O-O 11. Qg3 e5 12. fxe5 Nxe5 13. Nf5 Bxf5 14. Rxf5 Neg4
15. Bd4 g6 16. Nd5 Nxd5 17. Qxg4 Nb4 18. h4 Nc6 19. Bc3 Ne5 20. Qg3 Bxh4 21.
Qxh4 gxf5 22. Qg5+ Kh8 23. Qf6+ Kg8 24. Bd2 Qd8 25. Qxf5 Qh4 26. Be2 f6 27. Bh5
Rac8 28. c3 Rc4 29. Bh6 Rxe4 30. Qe6+ Nf7 31. Bxf7+ 1-0

[Event "Copenhagen Ch"]
[Site "Copenhagen"]
[Date "2002.10.18"]
[Round "6"]
[White "Nielsen, Michael"]
[Black "Paaske, Asger"]
[Result "1-0"]
[WhiteElo "2095"]
[BlackElo "2137"]
[PlyCount "125"]
[EventDate "2002.??.??"]
[EventType "swiss"]
[EventRounds "9"]
[EventCountry "DEN"]

1. e4 c5 2. Nf3 Nf6 3. e5 Nd5 4. Nc3 e6 5. Nxd5 exd5 6. d4 Nc6 7. dxc5 Bxc5 8.
Qxd5 d6 9. exd6 Qb6 10. Qe4+ Be6 11. Qh4 Bxd6 12. Be2 Be7 13. Qe4 Qb4+ 14. Qxb4
Nxb4 15. Bb5+ Bd7 16. Bd3 Nxd3+ 17. cxd3 O-O-O 18. O-O Bf6 19. Ng5 Bxg5 20.
Bxg5 f6 21. Bf4 Bc6 22. Rfd1 Rd5 23. Be3 a6 24. Bb6 Re8 25. Be3 f5 26. Rd2 Red8
27. Rad1 R8d6 28. d4 Re6 29. Bf4 Rg6 30. f3 Re6 31. Be5 g5 32. Re1 Rd7 33. Rde2
Rde7 34. Rc2 Rd7 35. Rec1 Kd8 36. Kf2 Ke8 37. Rc5 Kf7 38. g4 fxg4 39. fxg4 Kg6
40. Kg3 Rf7 41. R1c3 Rd7 42. Rc2 Rf7 43. d5 Rxe5 44. dxc6 Rxc5 45. Rxc5 Rc7 46.
cxb7 Rxb7 47. Rc6+ Kg7 48. b3 Ra7 49. Rb6 a5 50. a4 Rc7 51. Kf3 Rc3+ 52. Ke4
Rh3 53. Kf5 h6 54. Rb7+ Kf8 55. Rb5 Ke7 56. Kg6 Rxh2 57. Rxa5 Kd6 58. Rb5 Kc6
59. b4 Ra2 60. Rc5+ Kb7 61. a5 Rf2 62. Kxh6 Rf4 63. Rb5+ 1-0

[Event "Copenhagen Ch"]
[Site "Copenhagen"]
[Date "2002.10.19"]
[Round "8"]
[White "Nielsen, Michael"]
[Black "Poulsen, Klaus E"]
[Result "0-1"]
[WhiteElo "2095"]
[BlackElo "2117"]
[PlyCount "102"]
[EventDate "2002.??.??"]
[EventType "swiss"]
[EventRounds "9"]
[EventCountry "DEN"]

1. e4 c5 2. Nf3 Nc6 3. d4 cxd4 4. Nxd4 Nf6 5. Nc3 e5 6. Ndb5 d6 7. Bg5 a6 8.
Na3 b5 9. Bxf6 gxf6 10. Nd5 Bg7 11. Bd3 Be6 12. O-O Bxd5 13. exd5 Ne7 14. c4 f5
15. Rb1 e4 16. Be2 O-O 17. Nc2 bxc4 18. Bxc4 Qb6 19. b3 Rac8 20. Qd2 Rfe8 21.
Qf4 Qd8 22. Ne3 Ng6 23. Qxf5 Re5 24. Qg4 h5 25. Qd1 Qh4 26. g3 Qg5 27. Ng2 h4
28. f4 exf3 29. Qxf3 hxg3 30. hxg3 Re7 31. Rbd1 Be5 32. Rd3 Rce8 33. Qf5 Qh6
34. Nf4 Bxf4 35. gxf4 Re3 36. Qg5 Qh3 37. Rfd1 Re1+ 38. Rxe1 Rxe1+ 39. Kf2 Qf1+
40. Kg3 Qg1+ 41. Kh3 Qh1+ 42. Kg4 Qe4 43. Rg3 Rh1 44. Bd3 Rh4+ 45. Qxh4 Qxf4+
46. Kh3 Qxh4+ 47. Kg2 Kf8 48. Bxg6 fxg6 49. Kf3 Kf7 50. Rg4 Qh1+ 51. Rg2 Kf6
0-1

[Event "Copenhagen Ch"]
[Site "Copenhagen"]
[Date "2002.10.19"]
[Round "8"]
[White "Nielsen, Thomas"]
[Black "Lund, Silas"]
[Result "1/2-1/2"]
[WhiteElo "2060"]
[BlackElo "2329"]
[PlyCount "110"]
[EventDate "2002.??.??"]
[EventType "swiss"]
[EventRounds "9"]
[EventCountry "DEN"]

1. c4 e6 2. Nc3 c5 3. Nf3 Nf6 4. e4 Nc6 5. d4 cxd4 6. Nxd4 Bb4 7. Nxc6 bxc6 8.
Qc2 e5 9. Bd2 O-O 10. a3 Bc5 11. Bd3 d6 12. O-O h6 13. Rab1 Bg4 14. Be2 Be6 15.
Qd3 Bd4 16. Be3 c5 17. b4 Nd7 18. Rb3 f5 19. exf5 Bxf5 20. Qd2 Nf6 21. Bf3 Rb8
22. Nd5 Ne4 23. Bxe4 Bxe4 24. Bxh6 Rf7 25. Bg5 Qf8 26. Ne3 a5 27. Ng4 Bf5 28.
Rg3 Bxg4 29. Rxg4 axb4 30. axb4 Rxb4 31. Be3 Rxc4 32. Qa2 d5 33. Bxd4 cxd4 34.
Rh4 e4 35. Qa5 Rc5 36. Qd2 e3 37. Qd3 exf2+ 38. Kh1 Rf5 39. Qh3 Qf6 40. Rh8+
Kf7 41. Qa3 Qe7 42. Qd3 Qe4 43. Qa3 Qe1 44. Qa7+ Kg6 45. Qa6+ Rf6 46. Qd3+ Qe4
47. Qh3 Kf7 48. Rb8 Rc1 49. Rb7+ Kg8 50. Rb8+ Kf7 51. Rb7+ Kg6 52. Qg3+ Kh5 53.
Qh3+ Kg6 54. Qg3+ Kh5 55. Qh3+ Kg6 1/2-1/2

[Event "Copenhagen Ch"]
[Site "Copenhagen"]
[Date "2002.10.18"]
[Round "6"]
[White "Nielsen, Thomas"]
[Black "Schmidt, Horst Hubert"]
[Result "1-0"]
[WhiteElo "2060"]
[BlackElo "2035"]
[PlyCount "43"]
[EventDate "2002.??.??"]
[EventType "swiss"]
[EventRounds "9"]
[EventCountry "DEN"]

1. d4 Nf6 2. c4 e5 3. dxe5 Ng4 4. Bf4 Nc6 5. Nf3 Bc5 6. e3 Qe7 7. a3 a5 8. Nc3
Ngxe5 9. Nd5 Qd6 10. Nxe5 Nxe5 11. Qh5 O-O 12. Bxe5 Qc6 13. Bd3 h6 14. Qf5 f6
15. Qh7+ Kf7 16. Bg6+ Ke6 17. Bg3 Bd6 18. Bxd6 Qxd6 19. Rd1 Qc5 20. Nf4+ Ke7
21. Qxg7+ Kd8 22. Ne6# 1-0

[Event "Copenhagen Ch"]
[Site "Copenhagen"]
[Date "2002.10.16"]
[Round "4"]
[White "Nielsen, Thomas"]
[Black "Aabling Thomsen, Jakob"]
[Result "0-1"]
[WhiteElo "2060"]
[BlackElo "2159"]
[PlyCount "108"]
[EventDate "2002.??.??"]
[EventType "swiss"]
[EventRounds "9"]
[EventCountry "DEN"]

1. d4 Nc6 2. c4 d5 3. Nf3 Bg4 4. e3 e5 5. cxd5 Qxd5 6. Nc3 Bb4 7. Be2 exd4 8.
O-O Bxc3 9. bxc3 d3 10. e4 Qxe4 11. Bxd3 Bxf3 12. gxf3 Qh4 13. Re1+ Nge7 14.
Re4 Qf6 15. Qb3 O-O-O 16. Rf4 Qg5+ 17. Rg4 Qd5 18. Qxd5 Rxd5 19. Bc4 Rd1+ 20.
Kg2 Ne5 21. Bb3 Rd3 22. Rxg7 Rxf3 23. Rg3 Rf5 24. Bc2 Rh5 25. Bd1 Rf5 26. f4
Rd8 27. Bc2 N5g6 28. Bxf5+ Nxf5 29. Rh3 h6 30. Kf2 Rd1 31. Ke2 Rh1 32. Rf3
Rxh2+ 33. Kd3 h5 34. Ba3 Nfh4 35. Rff1 Rh3+ 36. Kc4 Nf5 37. Kb3 h4 38. Rae1
Nd4+ 39. Kb2 Rh2+ 40. Kc1 Ne2+ 41. Kb1 Nxc3+ 42. Kc1 Nxa2+ 43. Kd1 Nc3+ 44. Kc1
Ne2+ 45. Kd1 Ngxf4 46. Bb4 Nd3 47. Rxf7 Nxe1 48. Kxe1 Nd4 49. Be7 h3 50. Bg5
Ra2 51. Rf8+ Kd7 52. Rd8+ Kc6 53. Rxd4 h2 54. Re4 h1=R# 0-1

[Event "Copenhagen Ch"]
[Site "Copenhagen"]
[Date "2002.10.13"]
[Round "2"]
[White "Nielsen, Thomas"]
[Black "Hansen, Lars Henrik Bech"]
[Result "0-1"]
[WhiteElo "2060"]
[BlackElo "2131"]
[PlyCount "98"]
[EventDate "2002.??.??"]
[EventType "swiss"]
[EventRounds "9"]
[EventCountry "DEN"]

1. d4 g6 2. c4 Nf6 3. Nc3 Bg7 4. e4 d6 5. f3 O-O 6. Be3 e5 7. d5 Nh5 8. Nge2 f5
9. g3 Nd7 10. Qd2 Nb6 11. b3 fxe4 12. fxe4 Bg4 13. O-O-O Bf3 14. Rg1 Nf6 15.
Bg2 Ng4 16. Bg5 Qd7 17. Bh3 a5 18. a4 Qe8 19. Rdf1 h5 20. Nb5 Rc8 21. Qd3 Qf7
22. Nec3 Kh7 23. Nb1 Nd7 24. Nd2 Nxh2 25. Rf2 Nc5 26. Qc3 Rce8 27. Rxh2 Bxe4
28. Nxe4 Nxe4 29. Be6 Rxe6 30. dxe6 Qf5 31. Qe1 Qxg5+ 32. Kb2 Nc5 33. Ka2 e4
34. g4 Qe5 35. Qg3 Qxg3 36. Rxg3 Be5 37. Rgh3 Bxh2 38. Rxh2 Nxe6 39. gxh5 e3
40. hxg6+ Kxg6 41. Rg2+ Ng5 42. Ka3 Rf2 43. Rg1 Kf5 44. Nc3 Nf3 45. Rg7 Rc2 46.
Nd1 Ke4 47. Nxe3 Kxe3 48. Rxc7 Nd2 49. Rxb7 Nb1# {Nielsen,T-Hansen,L/Kobenhavn
2002 (49)} 0-1

[Event "Copenhagen Ch"]
[Site "Copenhagen"]
[Date "2002.10.20"]
[Round "9"]
[White "Nilsson, Nils Specht"]
[Black "Aabling Thomsen, Jakob"]
[Result "0-1"]
[WhiteElo "2182"]
[BlackElo "2159"]
[PlyCount "80"]
[EventDate "2002.??.??"]
[EventType "swiss"]
[EventRounds "9"]
[EventCountry "DEN"]

1. e4 c5 2. Nf3 Nf6 3. e5 Nd5 4. d4 cxd4 5. Qxd4 e6 6. Bc4 Nc6 7. Qe4 f5 8. Qe2
Nb6 9. Bb3 Na5 10. Bd2 Nxb3 11. axb3 Nd5 12. Nc3 Nxc3 13. bxc3 b6 14. Nd4 Bb7
15. O-O Be7 16. Qh5+ g6 17. Qh6 Kf7 18. Nb5 Qb8 19. Bf4 Bf8 20. Qh3 h6 21. Nd6+
Bxd6 22. exd6 Rh7 23. Ra4 Qh8 24. Re1 Be4 25. Rexe4 fxe4 26. Rxe4 Qf6 27. Be5
Qg5 28. Qf3+ Kg8 29. h4 Qc1+ 30. Kh2 Rf8 31. Qg4 g5 32. Qh5 Rff7 33. Rc4 Qxc2
34. Rc8+ Rf8 35. Rxf8+ Kxf8 36. Qf3+ Qf5 37. Qa8+ Kf7 38. f4 gxf4 39. Bd4 e5
40. Qd5+ Kf6 {Tid} 0-1

[Event "Copenhagen Ch"]
[Site "Copenhagen"]
[Date "2002.10.16"]
[Round "4"]
[White "Nilsson, Nils Specht"]
[Black "Paaske, Asger"]
[Result "1-0"]
[WhiteElo "2182"]
[BlackElo "2137"]
[PlyCount "107"]
[EventDate "2002.??.??"]
[EventType "swiss"]
[EventRounds "9"]
[EventCountry "DEN"]

1. d4 Nf6 2. Nf3 g6 3. Nc3 d5 4. Bf4 c6 5. Qd2 Qa5 6. e3 Bg7 7. a3 O-O 8. b4
Qd8 9. h3 b6 10. Be2 Ba6 11. O-O Bxe2 12. Qxe2 Nbd7 13. Rab1 b5 14. a4 a6 15.
a5 Re8 16. Bh2 Nf8 17. Ne5 Rc8 18. f4 Ne4 19. Nxe4 dxe4 20. f5 Nd7 21. fxg6
Nxe5 22. gxh7+ Kxh7 23. Qh5+ Kg8 24. dxe5 Qd5 25. Rbd1 Qe6 26. Rd4 Qg6 27. Qxg6
fxg6 28. Rxe4 c5 29. c3 Red8 30. Rg4 Rc6 31. bxc5 Rd3 32. Rd4 Rxc3 33. Rd8+ Kh7
34. Rf4 g5 35. Rg4 R3xc5 36. Rxg5 Bh6 37. Rf5 Rc2 38. Bf4 Kg6 39. e4 Bxf4 40.
Rxf4 Ra2 41. Rg8+ Kh7 42. Rg3 Rxa5 43. Rf7+ Kh8 44. Rd3 Rc8 45. Rxe7 b4 46.
Rdd7 b3 47. Rh7+ Kg8 48. Rdg7+ Kf8 49. e6 Re8 50. e7+ Rxe7 51. Rxe7 Rb5 52. Rb7
Kg8 53. Rxb5 axb5 54. Rb7 1-0

[Event "Copenhagen Ch"]
[Site "Copenhagen"]
[Date "2002.10.13"]
[Round "2"]
[White "Nilsson, Nils Specht"]
[Black "Poulsen, Klaus E"]
[Result "0-1"]
[WhiteElo "2182"]
[BlackElo "2117"]
[PlyCount "82"]
[EventDate "2002.??.??"]
[EventType "swiss"]
[EventRounds "9"]
[EventCountry "DEN"]

1. e4 c5 2. Nf3 Nc6 3. c3 Nf6 4. e5 Nd5 5. Bc4 Nb6 6. Bd3 d6 7. exd6 Qxd6 8.
Qe2 Bg4 9. h3 Bxf3 10. Qxf3 O-O-O 11. Be4 Ne5 12. Qe2 g6 13. d4 cxd4 14. cxd4
Qxd4 15. O-O f5 16. Bf4 fxe4 17. Na3 Qd3 18. Rac1+ Nc6 19. Qg4+ Qd7 20. Qg5 Qf5
21. Qg3 Bg7 22. Bb8 e5 23. Bxa7 Rd3 24. Qh4 Bf6 25. Qh6 Nd5 26. Nb5 Qf4 27. Be3
Nxe3 28. Qxf4 exf4 29. fxe3 Bxb2 30. Rc2 Be5 31. exf4 Bd4+ 32. Kh2 Rd8 33. f5
Be5+ 34. Kg1 gxf5 35. Rxf5 Rd1+ 36. Kf2 R1d5 37. Na7+ Kb8 38. Nxc6+ bxc6 39.
Ke3 Bd4+ 40. Kxe4 Re8+ 41. Kf4 Be3+ 0-1

[Event "Copenhagen Ch"]
[Site "Copenhagen"]
[Date "2002.10.18"]
[Round "7"]
[White "Nilsson, Nils Specht"]
[Black "Nielsen, Michael"]
[Result "1-0"]
[WhiteElo "2182"]
[BlackElo "2095"]
[PlyCount "69"]
[EventDate "2002.??.??"]
[EventType "swiss"]
[EventRounds "9"]
[EventCountry "DEN"]

1. e4 c5 2. Nf3 d6 3. d4 cxd4 4. Qxd4 Nc6 5. Bb5 Bd7 6. Bxc6 Bxc6 7. Nc3 Nf6 8.
O-O g6 9. Bg5 Bg7 10. e5 Nd7 11. Qe3 Nxe5 12. Nxe5 Bxe5 13. f4 h6 14. fxe5 hxg5
15. e6 f6 16. Rad1 Qa5 17. a3 g4 18. b4 Qh5 19. Qg3 O-O-O 20. b5 Qc5+ 21. Rf2
Bxb5 22. Rd5 Qxa3 23. Rxb5 Qc1+ 24. Rf1 Qd2 25. Rfb1 b6 26. Nd5 Rh7 27. Qxg4
Qxc2 28. Qf3 Rdh8 29. Nxb6+ axb6 30. Qa8+ Kc7 31. Qa7+ Kc8 32. Qa6+ Kd8 33.
Qxb6+ Qc7 34. Qxc7+ Kxc7 35. Rc1+ 1-0

[Event "Copenhagen Ch"]
[Site "Copenhagen"]
[Date "2002.10.13"]
[Round "2"]
[White "Paaske, Asger"]
[Black "Lund, Silas"]
[Result "0-1"]
[WhiteElo "2137"]
[BlackElo "2329"]
[PlyCount "144"]
[EventDate "2002.??.??"]
[EventType "swiss"]
[EventRounds "9"]
[EventCountry "DEN"]

1. e4 e6 2. d4 d5 3. Nd2 Be7 4. c3 c5 5. exd5 exd5 6. dxc5 Bxc5 7. Bb5+ Nc6 8.
Qe2+ Nge7 9. Ngf3 O-O 10. O-O Qc7 11. Nb3 Bd6 12. h3 Ng6 13. Rd1 Be6 14. Ng5
Rfe8 15. Qh5 Nf8 16. Bd3 g6 17. Nxe6 fxe6 18. Qh4 Rad8 19. Bc2 Qg7 20. Bg5 Be7
21. Bxe7 Qxe7 22. Qxe7 Rxe7 23. Rd2 Ne5 24. Re2 Nc4 25. Bd3 Rc8 26. Rae1 Kf7
27. Nd4 Kf6 28. Nf3 Nd7 29. Bxc4 Rxc4 30. Ne5 Nxe5 31. Rxe5 b5 32. g3 g5 33.
R1e2 a5 34. Kf1 h6 35. Ke1 b4 36. cxb4 Rxb4 37. b3 a4 38. R5e3 e5 39. Rc2 e4
40. Rce2 axb3 41. axb3 Ke5 42. f3 Reb7 43. Rb2 Rf7 44. Rbe2 Ra7 45. fxe4 dxe4
46. Kf2 Rf7+ 47. Kg2 h5 48. Kg1 g4 49. hxg4 hxg4 50. Kg2 Rf3 51. Kg1 Rd4 52.
Kg2 Rxe3 53. Rxe3 Rd2+ 54. Kf1 Kd4 55. Re2 Rd3 56. Rb2 Kc3 57. Re2 Kd4 58. Rb2
Rxg3 59. b4 Rf3+ 60. Kg1 Kc3 61. Rb1 e3 62. b5 e2 63. b6 Kd2 64. b7 Rf8 65.
Rb2+ Kd1 66. Rb1+ Kd2 67. Rb2+ Kd3 68. Rb1 g3 69. Kg2 Rb8 70. Kxg3 Kd2 71. Kf2
Rxb7 72. Rxb7 e1=Q+ 0-1

[Event "Copenhagen Ch"]
[Site "Copenhagen"]
[Date "2002.10.17"]
[Round "5"]
[White "Paaske, Asger"]
[Black "Nielsen, Thomas"]
[Result "1-0"]
[WhiteElo "2137"]
[BlackElo "2060"]
[PlyCount "33"]
[EventDate "2002.??.??"]
[EventType "swiss"]
[EventRounds "9"]
[EventCountry "DEN"]

1. e4 c6 2. d4 d5 3. Nc3 dxe4 4. Nxe4 Bf5 5. Ng3 Bg6 6. h4 h6 7. Nh3 Nf6 8. Nf4
Bh7 9. Bc4 e6 10. O-O Be7 11. Bxe6 fxe6 12. Nxe6 Qd6 13. Nxg7+ Kd7 14. Re1 Bf8
15. Re6 Qd5 16. Rxf6 Bxg7 17. Qg4+ 1-0

[Event "Copenhagen Ch"]
[Site "Copenhagen"]
[Date "2002.10.19"]
[Round "8"]
[White "Paaske, Asger"]
[Black "Andersen, Niels Erik"]
[Result "0-1"]
[WhiteElo "2137"]
[BlackElo "2020"]
[PlyCount "76"]
[EventDate "2002.??.??"]
[EventType "swiss"]
[EventRounds "9"]
[EventCountry "DEN"]

1. e4 e6 2. d4 d5 3. e5 c5 4. c3 Qb6 5. a3 Bd7 6. g3 cxd4 7. cxd4 Bb5 8. Bxb5+
Qxb5 9. Nc3 Qb6 10. Nge2 Ne7 11. b4 Nbc6 12. Na4 Qc7 13. Bb2 Nf5 14. g4 Nh4 15.
f4 h5 16. h3 g6 17. Kf2 Be7 18. Rc1 Qd7 19. Nc5 Bxc5 20. dxc5 d4 21. Qb3 Rd8
22. Rcd1 g5 23. Nxd4 Nxd4 24. Rxd4 Qc6 25. Rxd8+ Kxd8 26. Rg1 hxg4 27. Rxg4 Qh1
28. fxg5 Qh2+ 29. Kf1 Nf5 30. c6 Qh1+ 31. Rg1 Qxc6 32. g6 fxg6 33. Rxg6 Qh1+
34. Rg1 Qe4 35. Bc1 Nd4 36. Bg5+ Kc8 37. Qc4+ Kb8 38. Bf6 Rc8 0-1

[Event "Copenhagen Ch"]
[Site "Copenhagen"]
[Date "2002.10.18"]
[Round "7"]
[White "Paaske, Asger"]
[Black "Christensen, Esben"]
[Result "1/2-1/2"]
[WhiteElo "2137"]
[BlackElo "2085"]
[PlyCount "57"]
[EventDate "2002.??.??"]
[EventType "swiss"]
[EventRounds "9"]
[EventCountry "DEN"]

1. e4 c5 2. Nf3 d6 3. Bb5+ Bd7 4. Bxd7+ Nxd7 5. O-O Ngf6 6. Re1 e6 7. c3 Be7 8.
d4 O-O 9. Bg5 Ne8 10. Bxe7 Qxe7 11. Nbd2 b5 12. a4 bxa4 13. Qxa4 Nb6 14. Qa6
Nc7 15. Qe2 a5 16. dxc5 dxc5 17. Ra2 Ra7 18. Ne5 Qe8 19. Nb3 f6 20. Nf3 c4 21.
Nbd2 e5 22. Nxc4 Qb5 23. Nxb6 Qxb6 24. Qc4+ Kh8 25. Rea1 Rfa8 26. g3 h6 27. Rd1
Ne6 28. b4 Rc7 29. Qe2 1/2-1/2

[Event "Copenhagen Ch"]
[Site "Copenhagen"]
[Date "2002.10.17"]
[Round "5"]
[White "Pallesen, Jacob"]
[Black "Henrichsen, Jens"]
[Result "1/2-1/2"]
[WhiteElo "2071"]
[BlackElo "2059"]
[PlyCount "76"]
[EventDate "2002.??.??"]
[EventType "swiss"]
[EventRounds "9"]
[EventCountry "DEN"]

1. e4 c5 2. Nf3 e6 3. Nc3 d6 4. d4 cxd4 5. Nxd4 Nf6 6. Bc4 a6 7. Bb3 Nbd7 8.
O-O Nc5 9. Bg5 Be7 10. Bxf6 Bxf6 11. Qd2 O-O 12. Kh1 b5 13. f3 Qb6 14. Rad1 Bb7
15. Nce2 Rad8 16. Qb4 g6 17. c4 Nxb3 18. Qxb3 Bc6 19. cxb5 axb5 20. Nxc6 Qxc6
21. Nd4 Bxd4 22. Rxd4 Ra8 23. Rfd1 Rfd8 24. a3 Ra4 25. R4d2 Rc4 26. g3 Qc5 27.
Kg2 Kg7 28. Kf1 g5 29. g4 h6 30. Re2 Rc8 31. Qe3 Qe5 32. Red2 d5 33. Rd4 Qxh2
34. exd5 Qh1+ 35. Ke2 Qh2+ 36. Ke1 Qg3+ 37. Ke2 Qh2+ 38. Ke1 Qg3+ 1/2-1/2

[Event "Copenhagen Ch"]
[Site "Copenhagen"]
[Date "2002.10.18"]
[Round "7"]
[White "Pallesen, Jacob"]
[Black "Petersen, Steen"]
[Result "1/2-1/2"]
[WhiteElo "2071"]
[BlackElo "2120"]
[PlyCount "68"]
[EventDate "2002.??.??"]
[EventType "swiss"]
[EventRounds "9"]
[EventCountry "DEN"]

1. e4 c5 2. Nf3 Nc6 3. d4 cxd4 4. Nxd4 Qc7 5. Nc3 e6 6. Be3 a6 7. Bd3 Nf6 8.
O-O d6 9. Nxc6 bxc6 10. f4 d5 11. Qf3 Bb7 12. Rae1 Bb4 13. Bd4 dxe4 14. Bxe4
Nxe4 15. Qxe4 c5 16. Be5 Bxe4 17. Bxc7 Bxc2 18. a3 Bxc3 19. bxc3 Kd7 20. Ba5
Kc6 21. Rf2 Bd3 22. Rd2 c4 23. Re5 Rhb8 24. Kf2 Rb3 25. Bb4 a5 26. Rxa5 Rxa5
27. Bxa5 Rxa3 28. Bb4 Ra1 29. Bf8 g6 30. Bg7 Rf1+ 31. Ke3 Kd5 32. Ra2 Re1+ 33.
Kf2 Rf1+ 34. Ke3 Re1+ 1/2-1/2

[Event "Copenhagen Ch"]
[Site "Copenhagen"]
[Date "2002.10.15"]
[Round "3"]
[White "Pallesen, Jacob"]
[Black "Hoeg, Claus"]
[Result "1-0"]
[WhiteElo "2071"]
[BlackElo "2053"]
[PlyCount "121"]
[EventDate "2002.??.??"]
[EventType "swiss"]
[EventRounds "9"]
[EventCountry "DEN"]

1. e4 c5 2. Nf3 d6 3. d4 cxd4 4. Nxd4 Nf6 5. Nc3 g6 6. Be3 Bg7 7. f3 Nc6 8. Qd2
Bd7 9. Bc4 Rc8 10. Bb3 Qa5 11. O-O-O Ne5 12. Kb1 Nc4 13. Bxc4 Rxc4 14. h4 b5
15. Ncxb5 Qa6 16. Na3 Ra4 17. Qd3 Qb7 18. Nb3 O-O 19. e5 Bf5 20. Qb5 Qxb5 21.
Nxb5 dxe5 22. Nc3 Rc4 23. g4 Bc8 24. Bxa7 Bb7 25. Rhf1 Rfc8 26. g5 Nh5 27. Rd7
Bc6 28. Rd2 e6 29. Na5 Rxh4 30. Nxc6 Rxc6 31. Rd8+ Bf8 32. Ne4 Kg7 33. Be3 Nf4
34. Bxf4 exf4 35. a4 Rh2 36. Rf2 Rxf2 37. Nxf2 Be7 38. Rd7 Bxg5 39. b4 Rc4 40.
Rb7 Bf6 41. a5 Bc3 42. a6 Rc6 43. b5 Rc4 44. Ka2 Bd4 45. Kb3 Rc3+ 46. Kb4 Rxc2
47. Ne4 Ra2 48. Nd6 h5 49. Rxf7+ Kg8 50. Rxf4 e5 51. Rh4 Kg7 52. Ne4 Kh6 53.
Kc4 g5 54. Rh1 Ra3 55. Nd2 Rc3+ 56. Kb4 Re3 57. Nc4 Rxf3 58. b6 Rf6 59. a7 Rf8
60. Ra1 Bxa1 61. b7 1-0

[Event "Copenhagen Ch"]
[Site "Copenhagen"]
[Date "2002.10.11"]
[Round "1"]
[White "Pallesen, Jacob"]
[Black "Carstensen, Jacob"]
[Result "0-1"]
[WhiteElo "2071"]
[BlackElo "2256"]
[PlyCount "70"]
[EventDate "2002.??.??"]
[EventType "swiss"]
[EventRounds "9"]
[EventCountry "DEN"]

1. e4 c5 2. Nc3 d6 3. f4 Nc6 4. Nf3 g6 5. g3 Bg7 6. Bg2 e6 7. O-O Nge7 8. d3
Rb8 9. Be3 b5 10. Qd2 b4 11. Nd1 O-O 12. g4 f5 13. gxf5 gxf5 14. e5 Nd5 15.
exd6 Nxe3 16. Qxe3 Qxd6 17. Kh1 Nd4 18. Nxd4 Bxd4 19. Qd2 Kh8 20. c3 Bf6 21.
Nf2 Rg8 22. Rg1 Ba6 23. Rad1 Rbd8 24. Bf3 Rxg1+ 25. Kxg1 Bc4 26. cxb4 cxb4 27.
b3 Bc3 28. Qc1 Bb5 29. Kf1 Qb6 30. Be2 Bd4 31. Nh3 Qb7 32. Ke1 Rc8 33. Qb1 Qg2
34. Rc1 Rxc1+ 35. Qxc1 Bc3+ 0-1

[Event "Copenhagen Ch"]
[Site "Copenhagen"]
[Date "2002.10.16"]
[Round "4"]
[White "Petersen, Steen"]
[Black "Poulsen, Klaus E"]
[Result "0-1"]
[WhiteElo "2120"]
[BlackElo "2117"]
[PlyCount "38"]
[EventDate "2002.??.??"]
[EventType "swiss"]
[EventRounds "9"]
[EventCountry "DEN"]

1. d4 Nf6 2. c4 e5 3. dxe5 Ne4 4. a3 Nc6 5. Nf3 d6 6. exd6 Bxd6 7. Nbd2 Qe7 8.
Nxe4 Qxe4 9. e3 Bf5 10. Be2 O-O-O 11. Qa4 Rhe8 12. O-O Re6 13. g3 Bh3 14. Rd1
Rf6 15. Ne1 Rxf2 16. Kxf2 Qh1 17. Nd3 Qxh2+ 18. Ke1 Bxg3+ 19. Kd2 Bf5 0-1

[Event "Copenhagen Ch"]
[Site "Copenhagen"]
[Date "2002.10.20"]
[Round "9"]
[White "Petersen, Steen"]
[Black "Nielsen, Thomas"]
[Result "1-0"]
[WhiteElo "2120"]
[BlackElo "2060"]
[PlyCount "73"]
[EventDate "2002.??.??"]
[EventType "swiss"]
[EventRounds "9"]
[EventCountry "DEN"]

1. e4 Nf6 2. e5 Nd5 3. d4 d6 4. Nf3 dxe5 5. Nxe5 g6 6. Bc4 c6 7. Nc3 Be6 8. Ne4
Bg7 9. O-O O-O 10. Re1 Nc7 11. Bxe6 Nxe6 12. c3 Nd7 13. Nxd7 Qxd7 14. Qb3 b6
15. f3 Rfe8 16. Be3 Nc7 17. Rad1 Nd5 18. Bg5 Qf5 19. Qa4 b5 20. Qb3 e5 21. dxe5
Rxe5 22. Bh4 Bf8 23. Bf2 Rae8 24. Bxa7 g5 25. Bd4 R5e6 26. Rf1 g4 27. Ng3 Qg5
28. Qc2 gxf3 29. Rxf3 Nf4 30. Rdf1 Re2 31. Qxe2 Rxe2 32. Rxf4 Re1 33. Rxe1 Qxf4
34. Nh5 Qh4 35. Nf6+ Kg7 36. Re4 Qg5 37. Rg4 1-0